000 02814cam a22005175i 4500
001 23230165
003 OSt
005 20231005144633.0
008 220607s2022 enk 000 1 eng d
010 _a 2023446225
015 _aGBC2D5405
_2bnb
016 7 _a020700339
_2Uk
020 _a1398516341
_qhardback
020 _a9781398516342
_qhardback
020 _a139851635X
_qpaperback
020 _a9781398516359
_qpaperback
020 _z9781398516366
_qebook
035 _a(OCoLC)on1291363235
040 _aYDX
_beng
_erda
_cYDX
_dNZLEP
_dUKMGB
_dOCLCF
_dSINLB
_dCDX
_dOCL
_dDLC
041 1 _aeng
_hswe
042 _alccopycat
043 _ae-sw---
082 0 4 _a839.738
_bBAC/W
100 1 _aBackman, Fredrik,
_d1981-
_eauthor.
_99668
240 1 0 _aVinnarna.
_lEnglish
245 1 4 _aThe winners /
_cFredrik Backman ; translated by Neil Smith.
264 1 _aLondon :
_bSimon & Schuster Ltd,
_c2022.
300 _a673 pages ;
_c24 cm
336 _atext
_btxt
_2rdacontent
337 _aunmediated
_bn
_2rdamedia
338 _avolume
_bnc
_2rdacarrier
500 _aOriginally published in Sweden as Vinnarna by Forum, 2021.
520 _aThe long-awaited conclusion to the beloved New York Times bestselling and 'engrossing' (People) Beartown series - which inspired an HBO series of the same name - follows the small hockey town's residents as they grapple with change, pain, hope, and redemption. Two years have passed since the events that no one wants to think about. Everyone has tried to move on, but there's something about this place that prevents it. The residents continue to grapple with life's big questions: What is a family? What is a community? And what, if anything, are we willing to sacrifice in order to protect them? As the locals of Beartown struggle to overcome the past, great change is on the horizon. Someone is coming home after a long time away. Someone will be laid to rest. Someone will fall in love, someone will try to fix their marriage, and someone will do anything to save their children. Someone will submit to hate, someone will fight, and someone will grab a gun and walk towards the ice rink. So what are the residents of Beartown willing to sacrifice for their home? Everything.
546 _aTranslated from the Swedish.
650 0 _aBeartown (Imaginary place)
_vFiction.
651 0 _aSweden
_vFiction.
651 7 _aSweden
_2fast
_0(OCoLC)fst01204537
655 7 _aFiction.
_2fast
_0(OCoLC)fst01423787
655 7 _aFiction.
_2lcgft
700 1 _aSmith, Neil
_q(Neil Andrew),
_etranslator.
906 _a0
_bibc
_ccopycat
_d3
_encip
_f20
_gy-gencatlg
906 _a0
_bibc
_corigres
_du
_encip
_f20
_gy-gencatlg
942 _2ddc
_cBK
_h839.738
_iBAC/W
_k839.738
_mBAC/W
999 _c42535
_d42535